000 00203nam a2200097Ia 4500
008 240331s9999 xx 000 0 und d
082 _bARU
100 _aArulanantham, N.P
245 0 _aAmikunam
942 _cL
999 _c3980
_d3980